000
00298nam a22001337a 4500
008
170321b xxu||||| |||| 00| 0 eng d
020
_a
0815154283
041
_a
eng
080
_2
2ND
_a
616.12-008-073
100
_a
7
101
_a
SHM
245
_a
THE CARDIAC ARRTHYMIA
_c
LINDSAY
942
_2
udc
_c
BK
999
_c
8182
_d
8182